000 00834nam a2200205Ia 4500
001 8545
003 GE_BSU
008 181216s||||||||xx |||||||||||||| ||und||
020 _a9789657478837
040 _cGE_BSU
080 _a821.353.1-4
100 _aთეთრუაშვილი,ლეილა
245 _aსალიტერატურო–სამეცნიერო კვლევანი და ესეისტური წერილები
245 _cწინასიტყვ. ლია თაკვარელია
260 _aთბილისი
260 _c2013
300 _a356გვ. 21სმ.
653 _aსალიტერატურო–სამეცნიერო კვლევანი და ესეისტური წერილები
942 _cBK
999 _c41862
_d41862